<?xml version="1.0" encoding="UTF-8"?>
<record
    xmlns:xsi="http://www.w3.org/2001/XMLSchema-instance"
    xsi:schemaLocation="http://www.loc.gov/MARC21/slim http://www.loc.gov/standards/marcxml/schema/MARC21slim.xsd"
    xmlns="http://www.loc.gov/MARC21/slim">

  <leader>00405    a2200109   4500</leader>
  <controlfield tag="001">ART_6997</controlfield>
  <controlfield tag="005">20260410161659.0</controlfield>
  <controlfield tag="008">260409a                                 </controlfield>
  <datafield tag="245" ind1="1" ind2="0">
    <subfield code="a">Reg&#xED;menes monetarios alternativos en un modelo EDGE de una econom&#xED;a peque&#xF1;a y abierta con precios y salarios pegajosos</subfield>
  </datafield>
  <datafield tag="100" ind1="1" ind2=" ">
    <subfield code="a">Escud&#xE9;, Guillermo J.</subfield>
  </datafield>
  <datafield tag="773" ind1="0" ind2=" ">
    <subfield code="t">Ensayos Econ&#xF3;micos</subfield>
    <subfield code="g">- N&#xBA; 49 (oct./dic. 2007)</subfield>
    <subfield code="w">REV620</subfield>
  </datafield>
  <datafield tag="999" ind1=" " ind2=" ">
    <subfield code="c">15033</subfield>
    <subfield code="d">15033</subfield>
  </datafield>
</record>
